000 01201nam a22003497a 4500
003 CHAP
005 20220329135920.0
008 971013s1995 r 00010 d
010 _a44046
011 _a45018
035 _a49157
040 _cCHAP
090 _aTesis
100 0 0 _aRamírez Robles, Pablo.
_994225
245 _aTransferencia de los Distritos de Riego, caso región lagunera
260 _aChapingo, Méx. :
_bEl autor,
_c1995
300 _a148 h.
502 _aTesis (Ing. Agr. Esp. en Irrigación) -- UACH. Departamento de Irrigación
590 _aALEPH
_b10
_c20130110
_lUCH01
_h1313
590 _aBATCH-UPD
_b10
_c20130110
_lUCH01
_h1305
590 _aBATCH-UPD
_b10
_c20130410
_lUCH01
_h0821
590 _aBATCH-UPD
_b10
_c20130914
_lUCH01
_h0317
590 _aCONVERSION
_b10
_c20130109
_lUCH01
_h1324
650 1 4 _aAgricultura y Estado
_xMéxico.
_92054
650 1 4 _aDistrito de Riego Región Lagunera, Dgo. y Coah.
_932911
650 1 4 _aDistritos de riego.
_932966
650 1 4 _aPolítica hidráulica
_xMéxico.
_990663
901 _aBK
942 _cFOLL
949 _bBC
_cTES
_d-110963
_eTS1
_h28080
_i49157
_si
949 _bBC
_cTES
_d33724000005161
_eTS2
_fc.2
_h28081
_i49157
_si
999 _c44046
_d44046